[Event "80.Camp. Veneto Quarti di Finale"]
[Site "Sottomarina ITA"]
[Date "2021.06.06"]
[Round "5.11"]
[White "Ballarin, Gabriele"]
[Black "Rosina, Graziano"]
[Result "1-0"]
[WhiteElo "1831"]
[BlackElo "1755"]
[Annotator "Gabriele Ballarin"]
[PlyCount "71"]
[EventDate "2021.06.04"]
[EventType "swiss"]
[EventRounds "5"]
[EventCountry "ITA"]

1. e4 e5 2. Bc4 Nf6 3. d3 c6 4. Bb3 d5 5. Qe2 Bb4+ 6. c3 Bd6 7. Nf3 O-O 8. Nbd2 Bg4 9. Nf1 Nbd7 10. h3 Be6 11. Ng5 Nc5 12. Bc2 Bd7 13. g4 Ne6 14. Nxe6 fxe6 15. Bg5 Qe8 16. Bh4 Qf7 17. Bg3 dxe4 18. dxe4 Bc7 19. Ne3 b5 20. O-O-O c5 21. Rd2 Bc6 22. f3 Nd7 23. Rf1 Kh8 24. g5 c4 25. Ng4 Qe7 26. h4 a5 27. Qh2 b4 28. Nxe5 Nxe5 29. Bxe5 bxc3 30. bxc3 Bxe5 31. Qxe5 Qa3+ 32. Kd1 Qxa2 33. Ke2 Rab8 34. Qc5 Rfc8 35. Rfd1 Be8 36. Qf8# 1-0

[Event "80.Camp. Veneto Quarti di Finale"]
[Site "Sottomarina ITA"]
[Date "2021.06.06"]
[Round "5.12"]
[White "Pigato, Alex"]
[Black "Mattarella, Pietro"]
[Result "1/2-1/2"]
[WhiteElo "1825"]
[BlackElo "1721"]
[Annotator "Gabriele Ballarin"]
[PlyCount "177"]
[EventDate "2021.06.04"]
[EventType "swiss"]
[EventRounds "5"]
[EventCountry "ITA"]

1. d4 e6 2. c4 Nf6 3. Nf3 d5 4. Nc3 c6 5. Bg5 Nbd7 6. e3 Qa5 7. Nd2 Bb4 8. Qc1 dxc4 9. Bxf6 Nxf6 10. Nxc4 Qg5 11. a3 Be7 12. e4 Qxc1+ 13. Rxc1 O-O 14. Be2 Rd8 15. e5 Nd5 16. Nxd5 Rxd5 17. Rd1 Rd8 18. f4 g6 19. Bf3 Bd7 20. b4 Be8 21. Na5 Rab8 22. Kf2 a6 23. Ke3 Rd7 24. Nb3 Rdd8 25. Nc5 Kg7 26. g4 h6 27. h4 Bd7 28. Be4 Bc8 29. h5 g5 30. f5 Kg8 31. fxe6 Bxe6 32. Nxe6 fxe6 33. Bc2 a5 34. bxa5 c5 35. dxc5 Bxc5+ 36. Ke4 Rf8 37. Rhf1 Rxf1 38. Rxf1 Rf8 39. Rxf8+ Kxf8 40. a4 Bb4 41. Kd4 Bxa5 42. Kc5 Ke7 43. Kb5 Bc7 44. a5 Kd7 45. Be4 Kc8 46. Bd3 Bxe5 47. Bc4 Kd7 48. Kb6 Bc3 49. Kxb7 Bxa5 50. Ka6 Bd8 51. Kb5 Kd6 52. Kb4 e5 53. Kc3 Kc5 54. Be6 e4 55. Bf5 Ba5+ 56. Kc2 Kd4 57. Kd1 Ke3 58. Be6 Kf3 59. Bf5 e3 60. Bd3 Kxg4 61. Ke2 Bb6 62. Bg6 Kf4 63. Bf7 g4 64. Be8 Kg3 65. Bf7 Kh3 66. Bd5 Kh2 67. Kf1 Kg3 68. Ke2 Kf4 69. Bf7 g3 70. Bd5 Kg5 71. Bf3 g2 72. Bxg2 Kxh5 73. Bf3+ Kh4 74. Kf1 h5 75. Kg2 Kg5 76. Kh3 h4 77. Be2 Ba5 78. Bd1 Be1 79. Bf3 Kf4 80. Be2 Ke4 81. Kg2 Bg3 82. Kh3 Kd4 83. Kg2 Kc3 84. Bg4 Kd2 85. Kh3 Ke1 86. Kg2 Bf2 87. Bh5 e2 88. Bxe2 Kxe2 89. Kh1 1/2-1/2

[Event "80.Camp. Veneto Quarti di Finale"]
[Site "Sottomarina ITA"]
[Date "2021.06.06"]
[Round "5.13"]
[White "Desideri, Leonardo"]
[Black "Levis, Riccardo"]
[Result "1-0"]
[WhiteElo "1793"]
[BlackElo "1516"]
[Annotator "Gabriele Ballarin"]
[PlyCount "141"]
[EventDate "2021.06.04"]
[EventType "swiss"]
[EventRounds "5"]
[EventCountry "ITA"]

1. e4 e6 2. d4 d5 3. exd5 exd5 4. Nf3 Bd6 5. Bd3 Ne7 6. O-O h6 7. h3 O-O 8. Nc3 c6 9. Ne2 Bf5 10. Bf4 Bxd3 11. Qxd3 Ng6 12. Bxd6 Qxd6 13. Rae1 Nd7 14. Ng3 Nf6 15. Ne5 Nf4 16. Qf3 Ne6 17. Nf5 Qd8 18. Qg3 Nh5 19. Nxh6+ Kh7 20. Qd3+ Kxh6 21. Ng4+ Kg5 22. Re5+ f5 23. Qe3+ Nef4 24. g3 Kg6 25. gxf4 fxg4 26. Rg5+ Kh6 27. Qe6+ Rf6 28. Qxg4 Qe8 29. f5 Qf7 30. Re1 Re8 31. Rxh5+ Qxh5 32. Qxh5+ Kxh5 33. Rxe8 Rf7 34. Kg2 Kg5 35. Re5 Kf4 36. c3 Rd7 37. Re2 Kxf5 38. Kg3 b6 39. Re5+ Kf6 40. f4 g6 41. Kg4 c5 42. h4 cxd4 43. cxd4 a5 44. f5 gxf5+ 45. Rxf5+ Kg6 46. h5+ Kg7 47. Kg5 Rd6 48. Re5 Rc6 49. Rxd5 Rc2 50. Rb5 Rd2 51. Rxb6 Rxd4 52. Rb7+ Kg8 53. Re7 Rd5+ 54. Kg6 Rd6+ 55. Kf5 Rb6 56. Re2 a4 57. Ke4 Rb5 58. Rh2 Rb4+ 59. Kd3 Rg4 60. Rh3 a3 61. bxa3 Rg2 62. Kc4 Rxa2 63. Kb5 Rb2+ 64. Ka5 Kh7 65. h6 Rb1 66. Ka6 Ra1 67. Kb5 Rb1+ 68. Ka5 Ra1 69. a4 Rb1 70. Rh5 Kg6 71. h7 1-0

[Event "80.Camp. Veneto Quarti di Finale"]
[Site "Sottomarina ITA"]
[Date "2021.06.06"]
[Round "5.14"]
[White "Fiolo, Costanza"]
[Black "Marson, Luca"]
[Result "0-1"]
[WhiteElo "1679"]
[BlackElo "1831"]
[Annotator "Gabriele Ballarin"]
[PlyCount "58"]
[EventDate "2021.06.04"]
[EventType "swiss"]
[EventRounds "5"]
[EventCountry "ITA"]

1. d4 Nf6 2. Nc3 g6 3. Bf4 Bg7 4. e4 d6 5. Be2 c6 6. Nf3 O-O 7. Qd2 b5 8. a3 a6 9. O-O Bb7 10. Rfd1 Qc7 11. e5 Nd5 12. Nxd5 cxd5 13. exd6 exd6 14. Bd3 Re8 15. Qb4 Bf8 16. Re1 Nd7 17. Rxe8 Rxe8 18. Re1 Rxe1+ 19. Qxe1 Nf6 20. h3 Ne4 21. Ng5 Qe7 22. Qe3 f6 23. Nf3 Bc8 24. Nd2 g5 25. Bh2 f5 26. f4 h6 27. b3 Bg7 28. c4 Qa7 29. Qe1 Qxd4+ 0-1

[Event "80.Camp. Veneto Quarti di Finale"]
[Site "Sottomarina ITA"]
[Date "2021.06.06"]
[Round "5.15"]
[White "Serea, Gabriele"]
[Black "Cecchetto, Vanni"]
[Result "1-0"]
[WhiteElo "1667"]
[BlackElo "1752"]
[Annotator "Gabriele Ballarin"]
[PlyCount "81"]
[EventDate "2021.06.04"]
[EventType "swiss"]
[EventRounds "5"]
[EventCountry "ITA"]

1. e4 c6 2. Nf3 d5 3. exd5 cxd5 4. Ne5 Nf6 5. Bb5+ Bd7 6. Nxd7 Nbxd7 7. d4 e6 8. Bf4 Qa5+ 9. Nc3 Bb4 10. Bxd7+ Nxd7 11. Bd2 O-O 12. a3 Bxc3 13. Bxc3 Qd8 14. O-O Qh4 15. f3 Rae8 16. Bb4 e5 17. Bxf8 Nxf8 18. Re1 e4 19. fxe4 dxe4 20. Re3 f5 21. Qe1 Qf6 22. Rd1 Ng6 23. d5 Ne5 24. d6 Ng4 25. d7 Rd8 26. Rc3 Qb6+ 27. Kf1 Nxh2+ 28. Ke2 Qb5+ 29. Kf2 Rxd7 30. Rc8+ Kf7 31. Rxd7+ Qxd7 32. Qc3 e3+ 33. Ke2 Qb5+ 34. Qc4+ Qxc4+ 35. Rxc4 Ng4 36. Rc7+ Kf6 37. Rxb7 h5 38. c4 g5 39. c5 f4 40. c6 Ke6 41. Rg7 1-0

[Event "80.Camp. Veneto Quarti di Finale"]
[Site "Sottomarina ITA"]
[Date "2021.06.06"]
[Round "5.16"]
[White "Zangrando, Gianpietro"]
[Black "Corti, Lorenzo"]
[Result "1/2-1/2"]
[WhiteElo "1719"]
[BlackElo "1516"]
[Annotator "Gabriele Ballarin"]
[PlyCount "63"]
[EventDate "2021.06.04"]
[EventType "swiss"]
[EventRounds "5"]
[EventCountry "ITA"]

1. Nf3 d5 2. d4 Nf6 3. c4 e6 4. g3 c6 5. Bg2 Nbd7 6. Qc2 Bd6 7. O-O O-O 8. Nbd2 Re8 9. e4 dxe4 10. Nxe4 Nxe4 11. Qxe4 e5 12. Qc2 exd4 13. Nxd4 Nc5 14. Be3 Qf6 15. b4 Ne6 16. Nxe6 Bxe6 17. a3 a6 18. Be4 h6 19. Rad1 Rad8 20. Bd4 Be5 21. Bxe5 Qxe5 22. Bg2 Bf5 23. Qc1 Rd3 24. Rfe1 Rxd1 25. Rxd1 Qe2 26. Bf1 Qe7 27. Qf4 Be6 28. Qd6 f6 29. c5 Bd5 30. Qxe7 Rxe7 31. Bh3 Kf7 32. Bg2 1/2-1/2

[Event "80.Camp. Veneto Quarti di Finale"]
[Site "Sottomarina ITA"]
[Date "2021.06.06"]
[Round "5.17"]
[White "Danese, Aldo"]
[Black "Bonetti, Alberto"]
[Result "1/2-1/2"]
[WhiteElo "1640"]
[BlackElo "1386"]
[Annotator "Gabriele Ballarin"]
[PlyCount "38"]
[EventDate "2021.06.04"]
[EventType "swiss"]
[EventRounds "5"]
[EventCountry "ITA"]

1. c4 g6 2. g3 Bg7 3. Bg2 f5 4. Nc3 e5 5. e3 Nf6 6. Nge2 O-O 7. d3 c6 8. Rb1 d5 9. Qc2 Be6 10. cxd5 cxd5 11. d4 e4 12. Nf4 Bf7 13. Qb3 Qd7 14. Bd2 Nc6 15. Na4 b6 16. Bf1 Rac8 17. Bb5 Qb7 18. Qd1 Rc7 19. Qe2 Nb8 1/2-1/2

[Event "80.Camp. Veneto Quarti di Finale"]
[Site "Sottomarina ITA"]
[Date "2021.06.06"]
[Round "5.18"]
[White "Le Van, Alessandro"]
[Black "Roveroni, Silvia"]
[Result "1-0"]
[WhiteElo "1550"]
[BlackElo "999"]
[Annotator "Gabriele Ballarin"]
[PlyCount "39"]
[EventDate "2021.06.04"]
[EventType "swiss"]
[EventRounds "5"]
[EventCountry "ITA"]

1. e4 e5 2. Nf3 Nc6 3. d4 exd4 4. Nxd4 Nf6 5. Nxc6 dxc6 6. Qxd8+ Kxd8 7. Nc3 Bg4 8. f3 Be6 9. Bg5 h6 10. O-O-O+ Bd6 11. Bf4 Ke7 12. e5 Nd5 13. Nxd5+ Bxd5 14. exd6+ cxd6 15. c4 g5 16. Bg3 Be6 17. Bxd6+ Kd7 18. Be5+ Ke7 19. Bxh8 Rxh8 20. Bd3 1-0

[Event "81. C.to Provinciale VE"]
[Site "Campalto ITA"]
[Date "2022.04.01"]
[Round "1.1"]
[White "Simonetto, Andrea"]
[Black "Zanon, Michele"]
[Result "1-0"]
[WhiteElo "2241"]
[BlackElo "1364"]
[Annotator "Gabriele Ballarin"]
[PlyCount "85"]
[EventDate "2022.04.01"]
[EventType "swiss"]
[EventRounds "5"]
[EventCountry "ITA"]

1. e4 c5 2. Nf3 d6 3. Bb5+ Nc6 4. O-O a6 5. Bxc6+ bxc6 6. c3 Bg4 7. d4 cxd4 8. cxd4 e6 9. Be3 Nf6 10. Nbd2 Be7 11. Qa4 O-O 12. Qxc6 Qb8 13. Qa4 Qb7 14. Qb3 Qd7 15. Qd3 Rfb8 16. b3 d5 17. Ne5 Qb7 18. Nxg4 Nxg4 19. Bf4 Rc8 20. e5 Kh8 21. Qf3 Nh6 22. Bxh6 gxh6 23. Qxf7 Qd7 24. Qh5 Rg8 25. f4 Raf8 26. Qe2 Bb4 27. Rac1 Ba3 28. Rc2 a5 29. f5 exf5 30. Qa6 Qg7 31. Nf3 Bb4 32. a3 Bxa3 33. Qxa5 Be7 34. Qxd5 Qg4 35. Re2 Rd8 36. Qe6 Bh4 37. Nxh4 Qxe2 38. Qf6+ Rg7 39. Qxd8+ Rg8 40. Qf6+ Rg7 41. Qxf5 Qa6 42. Qf8+ Rg8 43. Qf6+ 1-0

[Event "81. C.to Provinciale VE"]
[Site "Campalto ITA"]
[Date "2022.04.01"]
[Round "1.2"]
[White "Piovesan, Alberto"]
[Black "Toniolo, Samuel"]
[Result "0-1"]
[WhiteElo "1299"]
[BlackElo "2000"]
[Annotator "Gabriele Ballarin"]
[PlyCount "90"]
[EventDate "2022.04.01"]
[EventType "swiss"]
[EventRounds "5"]
[EventCountry "ITA"]

1. d4 Nf6 2. c4 e6 3. Nc3 Bb4 4. Bd2 b6 5. Nf3 Bb7 6. e3 O-O 7. Be2 c5 8. Nb5 Bxd2+ 9. Qxd2 Ne4 10. Qc2 f5 11. Nc3 d6 12. Nxe4 fxe4 13. Nd2 cxd4 14. exd4 Qf6 15. Rf1 Qxd4 16. Qc3 Nc6 17. O-O-O Qxc3+ 18. bxc3 Ne5 19. Nb3 d5 20. cxd5 exd5 21. Nd4 Rac8 22. Kb2 Rf6 23. h3 Rcf8 24. f3 Ng6 25. fxe4 Rxf1 26. Rxf1 Rxf1 27. Bxf1 dxe4 28. Nf5 Ne5 29. Kb3 Bd5+ 30. Kb2 Kf7 31. Ne3 Bc6 32. Kc2 Ke6 33. Kb3 Bd5+ 34. Kb2 Nd3+ 35. Kb1 Ke5 36. c4 Be6 37. Kc2 Kd4 38. Kd2 Bxc4 39. Bxd3 Bxd3 40. Nd1 Bc4 41. a3 Bf1 42. Ne3 Bd3 43. Nd1 Kc4 44. Nb2+ Kb3 45. Nd1 Kxa3 0-1

[Event "81. C.to Provinciale VE"]
[Site "Campalto ITA"]
[Date "2022.04.01"]
[Round "1.3"]
[White "Gibellato, Francesco"]
[Black "Granili, Corrado"]
[Result "0-1"]
[WhiteElo "1981"]
[BlackElo "1203"]
[Annotator "Gabriele Ballarin"]
[PlyCount "78"]
[EventDate "2022.04.01"]
[EventType "swiss"]
[EventRounds "5"]
[EventCountry "ITA"]

1. Nf3 d6 2. d4 Bg4 3. e3 Nf6 4. Be2 Nbd7 5. O-O e6 6. b3 Be7 7. Bb2 d5 8. c4 c6 9. Nbd2 O-O 10. h3 Bf5 11. Nh4 Be4 12. f3 Bg6 13. Nxg6 hxg6 14. f4 Bd6 15. a4 Bb4 16. Ba3 Bxd2 17. Qxd2 Ne4 18. Qe1 Re8 19. Bd3 Ndf6 20. g4 a5 21. g5 Nh5 22. Bxe4 dxe4 23. Qf2 Qd7 24. Kh2 Qc7 25. Qg2 Qb6 26. Rab1 c5 27. dxc5 Qc6 28. Rbd1 Rad8 29. Rd6 Rxd6 30. cxd6 Qb6 31. Qd2 Qxb3 32. d7 Rd8 33. Bc5 Qxa4 34. Rd1 Qxc4 35. Be7 Rxd7 36. Qxd7 Qe2+ 37. Kh1 Ng3+ 38. Kg1 Qxe3+ 39. Kh2 Qf2# 0-1

[Event "81. C.to Provinciale VE"]
[Site "Campalto ITA"]
[Date "2022.04.01"]
[Round "1.4"]
[White "Piovesan, Sara"]
[Black "Renier, Renzo"]
[Result "0-1"]
[WhiteElo "1143"]
[BlackElo "1847"]
[Annotator "Gabriele Ballarin"]
[PlyCount "52"]
[EventDate "2022.04.01"]
[EventType "swiss"]
[EventRounds "5"]
[EventCountry "ITA"]

1. d4 Nf6 2. Bf4 d6 3. Nf3 g6 4. Nc3 Bg7 5. e4 O-O 6. Qd2 c6 7. a4 Re8 8. O-O-O Bg4 9. Be2 Qa5 10. e5 Nd5 11. Nxd5 Qxd5 12. c4 Qe6 13. Ng5 Qd7 14. f3 Be6 15. d5 cxd5 16. cxd5 Bf5 17. Bd3 Bxd3 18. Qxd3 dxe5 19. Be3 Qxa4 20. Kb1 Na6 21. b3 Qb4 22. Bd2 Qd4 23. Qb5 e4 24. Bc1 Qa1+ 25. Kc2 Qc3+ 26. Kb1 Nb4 0-1

[Event "81. C.to Provinciale VE"]
[Site "Campalto ITA"]
[Date "2022.04.01"]
[Round "1.5"]
[White "Ballarin, Gabriele"]
[Black "Gaggio, Giacomo"]
[Result "0-1"]
[WhiteElo "1833"]
[BlackElo "1093"]
[Annotator "Gabriele Ballarin"]
[PlyCount "68"]
[EventDate "2022.04.01"]
[EventType "swiss"]
[EventRounds "5"]
[EventCountry "ITA"]

1. e4 c5 2. Nc3 Nc6 3. Bb5 g6 4. Bxc6 bxc6 5. f4 e6 6. Nf3 Bg7 7. d3 Ne7 8. O-O d5 9. e5 O-O 10. Na4 Qa5 11. c4 Rd8 12. Qc2 dxc4 13. dxc4 Nf5 14. Bd2 Qc7 15. Nxc5 Qb6 16. b4 a5 17. a3 axb4 18. axb4 Rxa1 19. Rxa1 Bf8 20. Ra5 Nd4 21. Nxd4 Rxd4 22. Qc3 Qd8 23. Be3 Rd1+ 24. Kf2 Qh4+ 25. Ke2 Qg4+ 26. Kf2 Qh4+ 27. Kf3 Qh5+ 28. Kg3 Be7 29. h3 Rh1 30. Kf2 Bh4+ 31. g3 Rh2+ 32. Kg1 Qe2 33. Qd2 Rg2+ 34. Kh1 Qf1+ 0-1

[Event "81. C.to Provinciale VE"]
[Site "Campalto ITA"]
[Date "2022.04.02"]
[Round "2.1"]
[White "Calore, Elias"]
[Black "Simonetto, Andrea"]
[Result "0-1"]
[WhiteElo "1445"]
[BlackElo "2241"]
[Annotator "Gabriele Ballarin"]
[PlyCount "78"]
[EventDate "2022.04.01"]
[EventType "swiss"]
[EventRounds "5"]
[EventCountry "ITA"]

1. d4 d5 2. c4 dxc4 3. e4 b5 4. a4 c6 5. Nc3 b4 6. Na2 a5 7. Bxc4 Nf6 8. Nf3 Nxe4 9. Ne5 Nd6 10. Qf3 e6 11. Be3 Qf6 12. Bd3 Qxf3 13. Nxf3 Ba6 14. Nc1 Nc4 15. Bxc4 Bxc4 16. Nd2 Bd5 17. f3 Nd7 18. b3 Be7 19. Nd3 O-O 20. Rc1 Rfc8 21. Ke2 f6 22. Rc2 Bd6 23. g3 e5 24. Rhc1 Re8 25. Kf2 exd4 26. Bxd4 Be5 27. Bxe5 fxe5 28. Nc5 Nf6 29. Nce4 Rf8 30. Ke3 Ra7 31. Nc4 Bxe4 32. fxe4 Ng4+ 33. Ke2 Raf7 34. Nxa5 Rf2+ 35. Kd3 R8f3+ 36. Kc4 Ne3+ 37. Kc5 Rxc2+ 38. Rxc2 Nxc2 39. Kc4 Rc3# 0-1

[Event "81. C.to Provinciale VE"]
[Site "Campalto ITA"]
[Date "2022.04.02"]
[Round "2.2"]
[White "Toniolo, Samuel"]
[Black "Pintonello, Francesco"]
[Result "1/2-1/2"]
[WhiteElo "2000"]
[BlackElo "1456"]
[Annotator "Gabriele Ballarin"]
[PlyCount "101"]
[EventDate "2022.04.01"]
[EventType "swiss"]
[EventRounds "5"]
[EventCountry "ITA"]

1. e4 e5 2. Nf3 Nc6 3. Nc3 Bb4 4. Nd5 Ba5 5. Bc4 Nf6 6. O-O d6 7. d3 h6 8. c3 Bg4 9. a4 Bb6 10. h3 Be6 11. Be3 O-O 12. Qd2 Bxe3 13. fxe3 Bxd5 14. exd5 Ne7 15. e4 Nh5 16. d4 Ng6 17. dxe5 Nxe5 18. Nxe5 dxe5 19. Rf5 Ng3 20. Rxe5 Re8 21. Rxe8+ Qxe8 22. Re1 Qxa4 23. b3 Qa5 24. Qe3 Qb6 25. Qxb6 axb6 26. Kf2 Nh5 27. e5 Nf4 28. Kf3 Ng6 29. e6 fxe6 30. Rxe6 Rf8+ 31. Ke3 Nf4 32. Re7 b5 33. g3 bxc4 34. gxf4 cxb3 35. Rxc7 Rb8 36. Kd2 b5 37. Kc1 Rf8 38. d6 Kh7 39. d7 Rd8 40. f5 h5 41. Kb2 Kh6 42. h4 g6 43. f6 g5 44. hxg5+ Kg6 45. Kxb3 h4 46. Rc8 Rxd7 47. Rg8+ Kh7 48. Re8 Kg6 49. Rg8+ Kh7 50. Re8 Kg6 51. Rg8+ 1/2-1/2

[Event "81. C.to Provinciale VE"]
[Site "Campalto ITA"]
[Date "2022.04.02"]
[Round "2.3"]
[White "Serea, Gabriele"]
[Black "Granili, Corrado"]
[Result "1-0"]
[WhiteElo "1741"]
[BlackElo "1203"]
[Annotator "Gabriele Ballarin"]
[PlyCount "45"]
[EventDate "2022.04.01"]
[EventType "swiss"]
[EventRounds "5"]
[EventCountry "ITA"]

1. e4 c5 2. Nf3 d6 3. d4 cxd4 4. Nxd4 Nf6 5. Nc3 a6 6. Bg5 e6 7. f4 e5 8. fxe5 dxe5 9. Nf5 Qb6 10. Qd2 Nxe4 11. Nxg7+ Bxg7 12. Nxe4 O-O 13. O-O-O Bf5 14. Bd3 Bg6 15. g4 Qe6 16. Kb1 Bxe4 17. Bxe4 Qxg4 18. Bxb7 Ra7 19. Rhg1 Qd4 20. Qg2 Qb6 21. Be3 Qf6 22. Bxa7 e4 23. Bd4 1-0

[Event "81. C.to Provinciale VE"]
[Site "Campalto ITA"]
[Date "2022.04.02"]
[Round "2.4"]
[White "Casagrande, Corrado"]
[Black "Gaggio, Giacomo"]
[Result "1-0"]
[WhiteElo "1636"]
[BlackElo "1093"]
[Annotator "Gabriele Ballarin"]
[PlyCount "75"]
[EventDate "2022.04.01"]
[EventType "swiss"]
[EventRounds "5"]
[EventCountry "ITA"]

1. d4 d5 2. c4 c6 3. Nf3 Nf6 4. Nc3 e6 5. Bg5 Nbd7 6. e3 Bb4 7. Nd2 Qa5 8. Bxf6 Nxf6 9. Qc2 O-O 10. Bd3 a6 11. O-O Qc7 12. Nf3 dxc4 13. Bxc4 b5 14. Bd3 Bb7 15. Ne4 Nxe4 16. Bxe4 f5 17. Bd3 c5 18. Ne5 c4 19. Be2 Bd6 20. f4 Rf6 21. Bf3 Bxf3 22. Nxf3 h6 23. Rac1 g5 24. Ne5 gxf4 25. exf4 Kh8 26. Qe2 Rg8 27. Qf3 Bxe5 28. dxe5 Rfg6 29. g3 Qh7 30. Qh5 Qf7 31. Qf3 h5 32. Qxh5+ Kg7 33. Qf3 Qa7+ 34. Kh1 Rh8 35. Rcd1 Kf7 36. Rd2 Ke8 37. Rfd1 Qh7 38. Rd8+ 1-0

[Event "81. C.to Provinciale VE"]
[Site "Campalto ITA"]
[Date "2022.04.02"]
[Round "2.6"]
[White "Dal Bianco, Nicola"]
[Black "Zangrando, Gianpietro"]
[Result "1-0"]
[WhiteElo "1658"]
[BlackElo "1700"]
[Annotator "Gabriele Ballarin"]
[PlyCount "115"]
[EventDate "2022.04.01"]
[EventType "swiss"]
[EventRounds "5"]
[EventCountry "ITA"]

1. c4 c5 2. Nc3 Nc6 3. e3 e5 4. Nf3 Nf6 5. d4 exd4 6. exd4 d6 7. dxc5 dxc5 8. Qxd8+ Nxd8 9. Nb5 Ne6 10. Bg5 a6 11. Bxf6 axb5 12. Bh4 b4 13. Bd3 Be7 14. O-O Bxh4 15. Nxh4 O-O 16. Nf5 Re8 17. Rfe1 g6 18. Nh6+ Kg7 19. Ng4 Bd7 20. Be4 Bc6 21. Bxc6 bxc6 22. Kf1 Rad8 23. Re2 Rd6 24. b3 h5 25. Ne5 Nd4 26. Rd2 f6 27. Nf3 Kf7 28. Rad1 Red8 29. Ne1 g5 30. Nd3 Ne6 31. Ne5+ fxe5 32. Rxd6 Rxd6 33. Rxd6 Nd4 34. Ke1 Kg7 35. Kd2 e4 36. Kc1 Kf7 37. Kb2 Ke7 38. Rg6 Ne6 39. g3 h4 40. gxh4 gxh4 41. Rh6 Kd6 42. Rxh4 Ke5 43. Kc1 Nd4 44. Rh8 Kf4 45. Rh3 Nf3 46. Kd1 Ke5 47. Rh5+ Kd4 48. Ke2 Ne5 49. Kd2 Nd3 50. Rf5 Nxf2 51. h4 Nd3 52. h5 e3+ 53. Kd1 Ke4 54. Rf8 Nf2+ 55. Ke2 Ng4 56. Rf3 Ke5 57. Rh3 Kf5 58. h6 1-0

[Event "81. C.to Provinciale VE"]
[Site "Campalto ITA"]
[Date "2022.04.02"]
[Round "2.8"]
[White "Loris, Stefano"]
[Black "Piovesan, Sara"]
[Result "1-0"]
[WhiteElo "1630"]
[BlackElo "1143"]
[Annotator "Gabriele Ballarin"]
[PlyCount "67"]
[EventDate "2022.04.01"]
[EventType "swiss"]
[EventRounds "5"]
[EventCountry "ITA"]

1. d4 d5 2. c4 e6 3. e3 Nf6 4. Bd3 b6 5. Nf3 Bd6 6. O-O O-O 7. Nc3 a6 8. Re1 Bb7 9. a3 Nbd7 10. e4 dxe4 11. Nxe4 Nxe4 12. Bxe4 Ra7 13. Bxb7 Rxb7 14. b4 c5 15. dxc5 Bxh2+ 16. Nxh2 bxc5 17. Be3 cxb4 18. axb4 Rxb4 19. Rxa6 Rxc4 20. Rd6 Rc7 21. Bb6 Rc1 22. Qxc1 Qb8 23. Rxd7 Qxb6 24. Red1 h6 25. Nf3 Ra8 26. Qb1 Qa5 27. Ne5 f5 28. Nc6 Qc3 29. Rd8+ Rxd8 30. Nxd8 Qe5 31. Re1 Qa5 32. Nxe6 g6 33. Qb8+ Kf7 34. Qf8# 1-0

[Event "81. C.to Provinciale VE"]
[Site "Campalto ITA"]
[Date "2022.04.03"]
[Round "3.1"]
[White "Simonetto, Andrea"]
[Black "Serea, Gabriele"]
[Result "1-0"]
[WhiteElo "2241"]
[BlackElo "1741"]
[Annotator "Gabriele Ballarin"]
[PlyCount "73"]
[EventDate "2022.04.01"]
[EventType "swiss"]
[EventRounds "5"]
[EventCountry "ITA"]

1. d4 Nf6 2. c4 g6 3. Nc3 Bg7 4. e4 d6 5. Nge2 O-O 6. Ng3 Nbd7 7. Be2 e5 8. d5 a5 9. h4 Nc5 10. h5 Nfd7 11. Qc2 Bf6 12. Bh6 Re8 13. Qd2 Qe7 14. O-O-O Nb6 15. Kb1 Bd7 16. hxg6 fxg6 17. Rh2 Qf7 18. Rdh1 Bg7 19. Be3 Bf6 20. Qd1 Re7 21. b3 Rd8 22. Nb5 Bc8 23. Bg4 Bxg4 24. Qxg4 Qe8 25. Nf5 Red7 26. Nfxd6 Rxd6 27. Bxc5 R6d7 28. Nxc7 Rxc7 29. Bxb6 Rcd7 30. Bxd8 Bxd8 31. Rc1 Rc7 32. Rh3 Qf7 33. Rf3 Qe7 34. Qe6+ Kg7 35. c5 Rxc5 36. Rxc5 Qxc5 37. Qxe5+ 1-0

[Event "81. C.to Provinciale VE"]
[Site "Campalto ITA"]
[Date "2022.04.03"]
[Round "3.2"]
[White "Toniolo, Samuel"]
[Black "Casagrande, Corrado"]
[Result "1-0"]
[WhiteElo "2000"]
[BlackElo "1636"]
[Annotator "Gabriele Ballarin"]
[PlyCount "49"]
[EventDate "2022.04.01"]
[EventType "swiss"]
[EventRounds "5"]
[EventCountry "ITA"]

1. e4 c5 2. Nf3 d6 3. d4 cxd4 4. Nxd4 Nf6 5. Nc3 a6 6. Be3 e6 7. f3 Be7 8. Qd2 Qc7 9. g4 h6 10. h4 Nc6 11. O-O-O Nxd4 12. Bxd4 e5 13. Be3 Be6 14. Rg1 O-O-O 15. g5 hxg5 16. hxg5 Nd7 17. Nd5 Bxd5 18. Qxd5 Rdf8 19. Rd3 Nb8 20. Rc3 Nc6 21. Bxa6 Kb8 22. Bxb7 Kxb7 23. Qb5+ Ka8 24. Rxc6 Qb7 25. Ra6+ 1-0

[Event "81. C.to Provinciale VE"]
[Site "Campalto ITA"]
[Date "2022.04.03"]
[Round "3.4"]
[White "Renier, Renzo"]
[Black "Piovesan, Alberto"]
[Result "1-0"]
[WhiteElo "1847"]
[BlackElo "1299"]
[Annotator "Gabriele Ballarin"]
[PlyCount "59"]
[EventDate "2022.04.01"]
[EventType "swiss"]
[EventRounds "5"]
[EventCountry "ITA"]

1. e4 e6 2. d4 d5 3. e5 c5 4. c3 Qb6 5. Nf3 Nc6 6. Be2 Nge7 7. dxc5 Qxc5 8. Be3 Qa5 9. O-O Qc7 10. Re1 Nf5 11. Bd3 Nxe3 12. Rxe3 Bc5 13. Re1 a6 14. b4 Ba7 15. a4 b6 16. Na3 O-O 17. b5 Nb8 18. c4 Bb7 19. cxd5 Bxd5 20. Rc1 Qb7 21. Bxh7+ Kh8 22. Ng5 g6 23. Qg4 Kg7 24. Nc4 Qe7 25. Nd6 Nd7 26. Ngxf7 Nxe5 27. Rxe5 Kxh7 28. Qh3+ Kg7 29. Qh6+ Kf6 30. Qg5+ 1-0

[Event "81. C.to Provinciale VE"]
[Site "Campalto ITA"]
[Date "2022.04.03"]
[Round "3.6"]
[White "Granili, Corrado"]
[Black "Dal Bianco, Nicola"]
[Result "0-1"]
[WhiteElo "1203"]
[BlackElo "1658"]
[Annotator "Gabriele Ballarin"]
[PlyCount "43"]
[EventDate "2022.04.01"]
[EventType "swiss"]
[EventRounds "5"]
[EventCountry "ITA"]

1. e4 c6 2. d4 d5 3. e5 h6 4. Bd3 e6 5. a3 Nd7 6. b4 a5 7. c3 axb4 8. cxb4 Bxb4+ 9. Nd2 c5 10. Bb2 Ba5 11. Ngf3 c4 12. Bxc4 dxc4 13. Qc2 b5 14. O-O Bb7 15. Rab1 Nb6 16. Ne4 Bxe4 17. Qxe4 Qd5 18. Qg4 Ne7 19. Qxg7 Rg8 20. Qxh6 Qxf3 21. g3 O-O-O 22. Qh7 0-1

[Event "81. C.to Provinciale VE"]
[Site "Campalto ITA"]
[Date "2022.04.03"]
[Round "3.7"]
[White "Gaggio, Giacomo"]
[Black "Loris, Stefano"]
[Result "1-0"]
[WhiteElo "1093"]
[BlackElo "1630"]
[Annotator "Gabriele Ballarin"]
[PlyCount "91"]
[EventDate "2022.04.01"]
[EventType "swiss"]
[EventRounds "5"]
[EventCountry "ITA"]

1. d4 Nf6 2. c4 c5 3. d5 b5 4. cxb5 d6 5. Nc3 g6 6. e4 Bg7 7. Bf4 O-O 8. Qd2 Re8 9. Nf3 a6 10. Bh6 Bh8 11. h3 axb5 12. Bxb5 Bd7 13. O-O Bxb5 14. Nxb5 Nxe4 15. Qc2 Nf6 16. Rfc1 Nbd7 17. Be3 Nb6 18. b4 Nfxd5 19. Rab1 Nxb4 20. Rxb4 cxb4 21. Nc7 Bc3 22. Bxb6 Qb8 23. Nxa8 Qxa8 24. Bd4 Rc8 25. Bxc3 Rxc3 26. Qd2 Qa3 27. Rxc3 bxc3 28. Qc2 Qb2 29. Qxb2 cxb2 30. Nd2 Kf8 31. Kf1 Ke8 32. Ke1 Kd7 33. Kd1 Kc6 34. Kc2 Kb5 35. Kxb2 f6 36. Kc3 e5 37. Ne4 d5 38. Nxf6 Kc5 39. a4 h5 40. a5 e4 41. a6 d4+ 42. Kd2 Kb6 43. Nxe4 Kxa6 44. Kd3 Kb6 45. Kxd4 Kc6 46. Ke5 1-0